00700nam a2200193 a 450000100100000000500170001000800410002702000150006804000250008310000280010824500470013626000350018330000210021849000330023950000720027283000400034495201050038499900170048900004336120201002040839.0140311s1998 sp 000 0 spa d a8433910728 aDO-SdBNPbspacBNPHU1 aGopegui, Belén97101713aLa conquista del aire. /cBelén Gopegui. aBarcelona, :bAnagrama,c1998. a341 p. ;c22 cm.1 aNarrativas hispánicasv242 aIncluye datos biografícos de la autora en la solapa de la portada 0aNarrativas hispánicasn242971018 001050718MOaGRbGRcCTd2014-03-11iLF1l0o p43361-10r2020-06-25w2020-06-25y1ZNo se presta c42850d42850